00504 2200181 4500001002100000005001500021020001800036035002000054082000800074084001400082100003000096245006900126250000600195260004600201300003300247600003000280990001200310INLIS00000000000336020260211103024 a602-8227-40-7 a0010-0226000026 a903 a903 DR. p0 aDr. Adhyaksa Dault, M. Si1 aPEMUDA DAN KELAUTAN :bPenebar Jala /cDr. Adhyaksa Dault, M. Si aV aYogyakarta :bPT. Citra Aji Parama,c2018 a56 hlm :bilus ;c21 x 30 cm 4aDr. Adhyaksa Dault, M. Si a0750972